Mathematics IV advanced algebra for secondary schools / (Record no. 356130)
[ view plain ]
| 000 -LEADER | |
|---|---|
| fixed length control field | 00367nam a2200121Ia 4500 |
| 008 - FIXED-LENGTH DATA ELEMENTS--GENERAL INFORMATION | |
| fixed length control field | 180309s9999 xx 000 0 und d |
| 020 ## - INTERNATIONAL STANDARD BOOK NUMBER | |
| International Standard Book Number | 9710618342 |
| 100 ## - MAIN ENTRY--PERSONAL NAME | |
| Personal name | Cruz, Francis R. |
| 245 ## - TITLE STATEMENT | |
| Statement of responsibility, etc | Dela Peña, Carmen R. |
| Title | Mathematics IV advanced algebra for secondary schools / |
| 260 ## - PUBLICATION, DISTRIBUTION, ETC. (IMPRINT) | |
| Place of publication, distribution, etc | Quezon City : |
| Name of publisher, distributor, etc | 1988 |
| Date of publication, distribution, etc | Phoenix pub |
| 300 ## - PHYSICAL DESCRIPTION | |
| Extent | v, 367 pages |
| 650 ## - SUBJECT ADDED ENTRY--TOPICAL TERM | |
| Topical term or geographic name as entry element | Algebra |
| Withdrawn status | Lost status | Source of classification or shelving scheme | Damaged status | Home library | Current library | Shelving location | Date acquired | Source of acquisition | Total Checkouts | Total Renewals | Full call number | Barcode | Date last seen | Date checked out | Price effective from | Koha item type |
|---|---|---|---|---|---|---|---|---|---|---|---|---|---|---|---|---|
| Library of Congress Classification | College Library | College Library | Filipiniana Section | 03/13/2018 | Donation | 1 | 2 | QA 157 .C957 1998 | c21363 | 03/09/2020 | 12/13/2019 | 03/13/2018 | Books |